| 000 | 01800nam a2200385 a 4500 | ||
|---|---|---|---|
| 001 | ebr10657796 | ||
| 003 | CaPaEBR | ||
| 006 | m u | ||
| 007 | cr cn||||||||| | ||
| 008 | 120314s2012 enka sb 001 0 eng d | ||
| 010 | _z 2012008957 | ||
| 020 | _z9781444334975 (cloth) | ||
| 020 | _z9781118312124 (e-book) | ||
| 040 |
_aCaPaEBR _cCaPaEBR |
||
| 035 | _a(OCoLC)816310139 | ||
| 050 | 1 | 4 |
_aPN1997.85 _b.C64 2012eb |
| 082 | 0 | 4 |
_a791.43/6 _223 |
| 245 | 0 | 2 |
_aA companion to literature, film, and adaptation _h[electronic resource] / _cedited by Deborah Cartmell. |
| 260 |
_aChichester, West Sussex, U.K. ; _aMalden, Mass. : _bJohn Wiley & Sons, _c2012. |
||
| 300 |
_axiii, 433 p. : _bill. |
||
| 440 | 0 | _aBlackwell companions to literature and culture | |
| 504 | _aIncludes bibliographical references and index. | ||
| 505 | 0 | _apt. I. History and contexts : from image to sound -- pt. II. Approaches -- pt. III. Genre : film, television -- pt. IV. Authors and periods -- pt. V. Beyond authors and canonical texts -- pt. VI. Case studies : adaptable and unadaptable texts. | |
| 533 |
_aElectronic reproduction. _bPalo Alto, Calif. : _cebrary, _d2013. _nAvailable via World Wide Web. _nAccess may be limited to ebrary affiliated libraries. |
||
| 650 | 0 |
_aFilm adaptations _xHistory and criticism. |
|
| 650 | 0 |
_aTelevision adaptations _xHistory and criticism. |
|
| 650 | 0 |
_aEnglish literature _vAdaptations. |
|
| 650 | 0 |
_aAmerican literature _vAdaptations. |
|
| 650 | 0 | _aMotion pictures and literature. | |
| 650 | 0 | _aTelevision and literature. | |
| 655 | 7 |
_aElectronic books. _2local |
|
| 700 | 1 | _aCartmell, Deborah. | |
| 710 | 2 | _aebrary, Inc. | |
| 856 | 4 | 0 |
_uhttp://site.ebrary.com/lib/rucke/Doc?id=10657796 _zAn electronic book accessible through the World Wide Web; click to view |
| 999 |
_c64886 _d64886 |
||